Bharatiya sangbidhan : (Record no. 8906)
[ view plain ]
| 000 -LEADER | |
|---|---|
| fixed length control field | 00609cam a2200217ua 4500 |
| 008 - FIXED-LENGTH DATA ELEMENTS--GENERAL INFORMATION | |
| fixed length control field | 161007n ii |||gr||||Z||||||asm |
| 020 ## - INTERNATIONAL STANDARD BOOK NUMBER | |
| International Standard Book Number | 9788176653855 |
| 040 ## - CATALOGING SOURCE | |
| Transcribing agency | MAIN |
| 041 ## - LANGUAGE CODE | |
| -- | asm |
| 082 ## - DEWEY DECIMAL CLASSIFICATION NUMBER | |
| Classification number | 342.54 |
| 100 ## - MAIN ENTRY--PERSONAL NAME | |
| Personal name | Hazarika, Niru, |
| Relator term | |
| 245 ## - TITLE STATEMENT | |
| Title | Bharatiya sangbidhan : |
| Remainder of title | HS 1st year / |
| Statement of responsibility, etc. | By Niru Hazarika & Jyotinath Chakrbarty . |
| 250 ## - EDITION STATEMENT | |
| Edition statement | 7th ed. |
| 260 ## - PUBLICATION, DISTRIBUTION, ETC. | |
| Place of publication, distribution, etc. | Guwahati: |
| Name of publisher, distributor, etc. | Students stores, |
| Date of publication, distribution, etc. | 2016. |
| 300 ## - PHYSICAL DESCRIPTION | |
| Extent | 212p. |
| 700 ## - ADDED ENTRY--PERSONAL NAME | |
| Personal name | Chakrabarty, Jyotinath, |
| Relator term | |
| 942 ## - ADDED ENTRY ELEMENTS (KOHA) | |
| Koha item type | Books |
| 653 ## - INDEX TERM--UNCONTROLLED | |
| Uncontrolled term | Constitutional & administrative law |
| 653 ## - INDEX TERM--UNCONTROLLED | |
| Uncontrolled term | indian constitution |
| Withdrawn status | Lost status | Damaged status | Not for loan | Home library | Current library | Date acquired | Total Checkouts | Full call number | Barcode | Date last seen | Copy number | Price effective from | Koha item type | Date last checked out | Date due |
|---|---|---|---|---|---|---|---|---|---|---|---|---|---|---|---|
| Naharkatiya College Library | Naharkatiya College Library | 19/09/2020 | 342.54 | HAZ | 23386 | 24/09/2021 | 3 | 19/09/2020 | Books | |||||||
| Naharkatiya College Library | Naharkatiya College Library | 19/09/2020 | 10 | 342.54 | HAZ | 23387 | 12/03/2025 | 2 | 19/09/2020 | Books | 08/03/2025 | |||||
| Naharkatiya College Library | Naharkatiya College Library | 19/09/2020 | 17 | 342.54 | HAZ | 23388 | 14/05/2026 | 1 | 19/09/2020 | Books | 14/05/2026 | 02/06/2026 |
